| 000 | 00751cam a2200205 4500 | ||
|---|---|---|---|
| 001 | WB3745-12 | ||
| 008 | 011127n2001 000 0 eng u | ||
| 035 | _a(Sirsi) u115754 | ||
| 245 | _aRadical lease plan for stock | ||
| 260 | _c2001 | ||
| 490 |
_aHousing Today _v(261) 22 November 2001, 1(1) |
||
| 520 | _aGovernment is considering radical proposals that could allow councils to lease their housing stock over the long term. The leasing option is being developed by consultant Hacas Chapman Hendy in partnership with a Greater Manchester council. | ||
| 590 | _aWB | ||
| 650 | _aLOCAL AUTHORITIES | ||
| 650 | _aCOUNCIL HOUSING | ||
| 650 | _aLONG TERM LEASES | ||
| 650 | _aHOUSING STOCK | ||
| 690 | _aHOUSING-HOUSING FINANCE | ||
| 942 | _n0 | ||
| 999 |
_c68944 _d68944 |
||